<?xml version="1.0" encoding="UTF-8"?>
<resp>
  <nextPage>https://data.bn.org.pl/api/networks/bibs.marcxml?marc=001+b0000080042178&amp;sinceId=80042179</nextPage>
  <collection>
    <record xmlns='http://www.loc.gov/MARC21/slim'><leader>01061namZa2200337ZiZ4500</leader><controlfield tag='001'>b0000080042178</controlfield><controlfield tag='005'>20251108083806.9</controlfield><controlfield tag='008'>990128s1998    pl      r     000 0 pol d</controlfield><controlfield tag='009'>9912890463905606</controlfield><datafield ind1=' ' ind2=' ' tag='020'><subfield code='a'>8370002625</subfield></datafield><datafield ind1=' ' ind2=' ' tag='035'><subfield code='a'>990000378190307664-48omnis_network</subfield></datafield><datafield ind1=' ' ind2=' ' tag='035'><subfield code='a'>(Aleph)000037819SGH01</subfield></datafield><datafield ind1=' ' ind2=' ' tag='035'><subfield code='a'>SGH0037819</subfield></datafield><datafield ind1=' ' ind2=' ' tag='035'><subfield code='a'>(PL)b0000080042178</subfield></datafield><datafield ind1=' ' ind2=' ' tag='040'><subfield code='a'>SGH</subfield><subfield code='c'>SGH</subfield><subfield code='d'>SGH</subfield></datafield><datafield ind1=' ' ind2=' ' tag='041'><subfield code='a'>pol</subfield></datafield><datafield ind1='0' ind2='0' tag='245'><subfield code='a'>Kielce :</subfield><subfield code='b'>plan miasta /</subfield><subfield code='c'>red. Teresa Zakrzewska.</subfield></datafield><datafield ind1=' ' ind2=' ' tag='250'><subfield code='a'>Wyd.7</subfield></datafield><datafield ind1=' ' ind2=' ' tag='260'><subfield code='a'>Warszawa</subfield><subfield code='a'>Wrocław :</subfield><subfield code='b'>Polskie Przedsięb. Wydawn. Kartograficznych im. Eugeniusza Romera,</subfield><subfield code='c'>1998.</subfield></datafield><datafield ind1=' ' ind2=' ' tag='300'><subfield code='a'>1.k.złoż. ;</subfield><subfield code='c'>21 cm.</subfield></datafield><datafield ind1=' ' ind2=' ' tag='380'><subfield code='a'>Mapy</subfield></datafield><datafield ind1=' ' ind2='9' tag='651'><subfield code='a'>Kielce (woj. świętokrzyskie)</subfield><subfield code='v'>mapy.</subfield></datafield><datafield ind1='0' ind2=' ' tag='700'><subfield code='a'>Zakrzewska, Teresa</subfield><subfield code='e'>[red.]</subfield></datafield><datafield ind1=' ' ind2=' ' tag='852'><subfield code='b'>48OMNIS_NETWORK</subfield><subfield code='8'>9912890463905606</subfield></datafield><datafield ind1=' ' ind2=' ' tag='852'><subfield code='b'>48OMNIS_WSE</subfield><subfield code='8'>990000378190307664</subfield></datafield><datafield ind1=' ' ind2=' ' tag='852'><subfield code='8'>2269711250007664</subfield><subfield code='j'>1</subfield><subfield code='b'>BG</subfield><subfield code='p'>66662</subfield><subfield code='c'>AKG</subfield></datafield><datafield ind1=' ' ind2=' ' tag='920'><subfield code='a'>83-7000-262-5</subfield></datafield></record>
  </collection>
</resp>
